Statistics for American TV by Clue #1

Click here to take the quiz!

General Stats

  • This quiz has been taken 5,152 times
  • The average score is 10 of 20

Answer Stats

Clues Show % Correct
The Hatch, The Others, The IslandLOST
75%
Immunity, Island, Insects on the MenuSurvivor
72%
Daily Double, Potent Potables, Clue CrewJeopardy!
67%
Original Shark Jump, Aayy!, MilwaukeeHappy Days
67%
About Nothing, Festivus, Art VandelaySeinfeld
67%
Cosmos, Jimmy Choos, NYCSex and the City
63%
Lorne Michaels, Ambiguously Gay Duo, More Cowbell!Saturday Night Live
63%
Plinko, The Big Wheel, A New Car!!The Price is Right
61%
Want to Believe, FBI, Sexual TensionX-Files
60%
Heisenberg, Malcolm in the Middle Prequel?, Pink Teddy BearBreaking Bad
56%
Winter is Coming, Most Pirated Show, Half ManGame of Thrones
56%
TGIF, Cut.It.Out, San FranciscoFull House
54%
Perfectly Cromulent, Donut for Soul, ShelbyvilleThe Simpsons
52%
Save the Cheerleader, Writer's Strike, Flying PoliticianHeroes
47%
Bam!, Kick it Up a Notch, Pork Fat RulesEmeril Live
38%
More Power!!!, Detroit, WilsonHome Improvement
37%
Ed McMahon, Spokesmodel, Beyonce's First AppearanceStar Search
35%
Moment of Zen, This Week in God, Mess O'PotamiaThe Daily Show
28%
Finest Meats and Cheeses, Tebow 24/7, Duh-nuh-nuh duh-nuh-nuhSportsCenter
25%
Summer Vacation, Platypus, Giant Dog Biscuit-inatorPhineas and Ferb
23%

Score Distribution

Percentile by Number Answered

Percent of People with Each Score

Your Score History

You have not taken this quiz